[Event "IECG CE.2002.0.00022 email"]
[Site "IECG email"]
[Date "2002.01.23"]
[Round "?"]
[White "Margstahler, Francesco"]
[Black "Rochel, Manuel"]
[Result "1-0"]
[WhiteElo "1244"]
[BlackElo "1300"]
[PlyCount "91"]
[EventDate "2002.01.23"]
[EventType "tourn (corr)"]
[EventRounds "6"]
[SourceTitle "Corr 2008"]
[Source "ChessBase"]
[SourceDate "2008.06.24"]
[SourceVersion "1"]
[SourceVersionDate "2008.06.24"]
[SourceQuality "1"]

1. e4 c5 2. c3 e6 3. d4 cxd4 4. cxd4 d5 5. exd5 exd5 6. Nc3 Nc6 7. Bb5 Bb4 8. Nf3 Nge7 9. 0-0 0-0 10. Bg5 Bg4 11. Be2 Re8 12. Re1 Qa5 13. Qd2 Rac8 14. h3 Bh5 15. Rac1 h6 16. Be3 Nf5 17. Nh4 Nxe3 18. Bxh5 Nc4 19. Qf4 Rxe1+ 20. Rxe1 Rf8 21. a3 Be7 22. Nf5 Bg5 23. Qg3 Nxb2 24. h4 Nxd4 25. Nxg7 Bxh4 26. Qxh4 Qxc3 27. Re3 Nd3 28. Qg3 Qa1+ 29. Kh2 Kh7 30. Re8 Nf3+ 31. Qxf3 Rxe8 32. Nxe8 Qe5+ 33. g3 Qxe8 34. Qxd3+ Kg7 35. Qxd5 b6 36. Qd4+ Kg8 37. Qf6 Qe6 38. Qxe6 fxe6 39. Be2 a5 40. a4 Kf7 41. Kh3 Kf6 42. Kg4 e5 43. Bd3 Ke6 44. Kh5 Kd5 45. Kxh6 e4 46. Bb5 1-0

[Event "IECG CE.2001.0.00019 email"]
[Site "IECG email"]
[Date "2001.12.17"]
[Round "?"]
[White "Dehaybe, Andre"]
[Black "Rochel, Manuel"]
[Result "1-0"]
[WhiteElo "1373"]
[BlackElo "1300"]
[PlyCount "129"]
[EventDate "2001.12.17"]
[EventType "tourn (corr)"]
[EventRounds "6"]
[SourceTitle "Corr 2024"]
[Source "ChessBase"]
[SourceDate "2023.10.19"]
[SourceVersion "1"]
[SourceVersionDate "2023.10.19"]
[SourceQuality "1"]

1. d3 e5 2. Nd2 d5 3. e4 Nf6 4. Be2 Nc6 5. exd5 Nxd5 6. Nb3 Bb4+ 7. Bd2 0-0 8. Bxb4 Ndxb4 9. Nf3 Bf5 10. 0-0 Re8 11. Nfd2 e4 12. Nxe4 Bxe4 13. dxe4 Rxe4 14. c3 Qxd1 15. Bxd1 Nd5 16. Bf3 Re5 17. Rfe1 Rae8 18. Rxe5 Rxe5 19. Rd1 Nf6 20. Bxc6 bxc6 21. Rd8+ Re8 22. Rxe8+ Nxe8 23. Nd4 c5 24. Nc6 a6 25. b4 c4 26. a4 Nf6 27. b5 axb5 28. a5 Nd5 29. a6 Kf8 30. Nd4 Ke7 31. Nxb5 Kd7 32. Na3 Kc6 33. Nxc4 Nxc3 34. f3 f6 35. h4 Nd5 36. Kf2 Nb4 37. a7 Kb7 38. Ke3 Nc2+ 39. Kd2 Nd4 40. h5 Kxa7 41. Kd3 Nf5 42. g4 Nd6 43. Ne3 c6 44. Ng2 Kb6 45. Nf4 Kb5 46. Kd4 Nf7 47. Ne6 g6 48. Nf8 gxh5 49. Nxh7 h4 50. Nxf6 h3 51. Nh5 c5+ 52. Ke3 c4 53. Ng3 c3 54. Kf2 Kc4 55. Ne2 c2 56. Kg3 Ng5 57. f4 Ne4+ 58. Kxh3 Kd3 59. Nc1+ Kd2 60. Nb3+ Kc3 61. Nc1 Kb2 62. Nd3+ Kb1 63. f5 Nf2+ 64. Nxf2 c1Q 65. Kh4 1-0